عرض عادي عرض مارك
  • Hobbs, Christopher.

مدخل إسم شخص

عدد التسجيلات المستخدمة في: 1

001 - رقم الضبط

  • حقل الضبط: 11406

003 - معرف رقم الضبط

  • حقل الضبط: OSt

005 - تاريخ ووقت أخر عملية

  • حقل الضبط: 20120418153147.0

008 - عناصر بيانات ثابتة الطول

  • حقل تحكم ثابت الطول: 120418|||a|||||| | ||| d

040 ## - مصدر الفهرسة

  • هيئة الفهرسة الأصلية: OSt
  • وكالة الكتابة: OSt

100 ## - مدخل -- أسم شخص

  • إسم شخص: Hobbs, Christopher.

670 ## - بيانات المصدر موجوده

  • الاستشهاد بالمصدر: Work cat.: (OSt)24009: Kraft, K. (Karin) 11404, Pocket guide to herbal medicine /, c2004.